000 01082nam a22003257a 4500
001 0008545
003 KOHA_MİRAKIL
005 20260207001638.0
007 ta
008 080915b2009 us |||gr||||#||||0|eng |
020 _a9780821376508
040 _aTR-BiSEU
_btur
_cTR-BiSEU
_erda
041 0 _aeng
044 _cus
050 _aHE195.5.A35
_bT47 2009
100 1 _aTeravaninthorn, Supee.
245 1 _aTransport prices and costs in Africa :
_ba review of the main international corridors/
_cSupee Teravaninthorn ; Supee Teravaninthorn, Gaël Raballand.
264 1 _aWhington, DC :
_bWorld Bank
_c2009
300 _a145 sayfa: resimli, haritalı; 24 cm.
336 _ametin
_btxt
_2rdacontent
337 _aaracısız
_bn
_2rdamedia
338 _acilt
_bnc
_2rdacarrier
490 0 _aDirections in development.
490 0 _aInfrastructure
500 _aIncludes bibliographical references and index.
650 0 _aTransportation--Africa--Costs.
_921347
830 0 _aDirections in development.
_917428
830 0 _aInfrastructure
_921348
942 _2lcc
_cBK
999 _c8517
_d8517